Advanced analytical geometry : (Record no. 103733)

MARC details
000 -LEADER
fixed length control field 00657nam a22002177a 4500
005 - DATE AND TIME OF LATEST TRANSACTION
control field 20160928170922.0
010 ## - LCCN (DPL NO)
LC control number ENG-116136
020 ## - INTERNATIONAL STANDARD BOOK NUMBER
International Standard Book Number 9789383420759
Terms of availability 400.00
035 ## - SYSTEM CONTROL NUMBER
System control number EN-99668
037 ## - SOURCE OF ACQUISITION
Source of stock number/acquisition DBAD/PUB
082 ## - DEWEY DECIMAL CLASSIFICATION NUMBER
Classification number 516
100 ## - MAIN ENTRY--PERSONAL NAME
Personal name Chatterjee,Utpal
245 ## - TITLE STATEMENT
Title Advanced analytical geometry :
Statement of responsibility, etc by Utpal Chatterjee [and] Nandini Chatterjee
Remainder of title theory and Problems /
250 ## - EDITION STATEMENT
Edition statement 2nd ed.
260 ## - PUBLICATION, DISTRIBUTION, ETC. (IMPRINT)
Place of publication, distribution, etc Kolkata
Name of publisher, distributor, etc Academic Publishers
Date of publication, distribution, etc 2016
270 ## - ADDRESS
Address 5A Bhawani Dutta Lane,
City Kolkata
Postal code 700073
300 ## - PHYSICAL DESCRIPTION
Extent 612p.
Dimensions 24cm(pbk)
500 ## - GENERAL NOTE
General note Includes index
700 ## - ADDED ENTRY--PERSONAL NAME
Personal name Chatterjee,Nandini
942 ## - ADDED ENTRY ELEMENTS (KOHA)
Source of classification or shelving scheme Dewey Decimal Classification
Item type English Books
Classification part 516
Call number suffix UTP
Holdings
Withdrawn status Lost status Not for loan Collection code Home library Current library Date acquired Source of acquisition Cost, normal purchase price Full call number Barcode Copy number Cost, replacement price Koha item type
    Not For Loan Non-fiction D.B.Act.Division D.B.Act.Division 28/09/2016 DBAD/PUB 400.00 516 UTP EN-99668 1 400.00 English Books

© Delhi Public Library
Hit Counter
free hit counter